Skąd pochodzą tablice rejestracyjne -dla Kolegi Ignacego :) - Statystyki

Ogólne statystyki
  • Ten quiz został rozwiązany 175 razy
  • Średni wynik to 25 z 29
Statystyki odpowiedzi
Hint Odpowiedź % Poprawnych
CZ Czechy
98%
EST Estonia
98%
Dk Dania
96%
LT Litwa
96%
LV Łotwa
96%
PL Polska
96%
Rus Rosja
96%
B Belgia
95%
IRL Irlandia
95%
NL Holandia
94%
SK Słowacja
94%
GB Wielka Brytania
94%
HR Chorwacja
93%
SLO Słowenia
93%
P Portugalia
92%
BG Bułgaria
91%
Ro Rumunia
91%
CY Cypr
90%
GR Grecja
88%
S Szwecja
88%
FF Francja
84%
dd Niemcy
80%
H Węgry
79%
aa Austria
78%
L Luksemburg
77%
ee Hiszpania
73%
II Włochy
62%
M Malta
61%
FINn Finladnia
3%
Nie znaleziono quizów pasujących do podanych kryteriów
Rozkład punktacji
Procent ludzi z każdym wynikiem
Percentyl według liczby udzielonych odpowiedzi
Twoja historia wyników
Nie rozwiązałeś tego quizu